000 00235 a2200097 4500
001 23995
100 _aIvakhnenko, A.G
245 _aCybernetics and forecasting techniques
260 _a
_bAmerican Elsvier
_c1967
090 _c16237
_d16237
942 _aNUST-CAE
_cM
_c6933
999 _c259068
_d259068